000 00777nam a2200241 i 4500
001 13519
003 ES-MaACL
005 20240319164213.0
007 t|
008 980427s1995 sp a |||| | spa d
020 _a84-7812-345-8
080 _a688.5"17/19"(064.3)
110 2 _aMuseo Municipal de Madrid
_95892
245 1 0 _aAbanicos
_b: la colección del Museo Municipal de Madrid : Museo Municipal, diciembre 1995-febrero 1996.
260 _aMadrid :
_bMuseos Municipales,
_c[1995]
300 _a258 p. :
_bil. col. ;
_c24 x 22 cm.
650 1 4 _aAbanicos-
_vExposiciones.
_9170059
655 7 _2tgfbne
_9193628
_aCatálogos de exposiciones
710 2 _aMuseos Municipales (Madrid)
_95931
852 _aES-MaACL
_jL-20862
942 _2udc
999 _c13519
_d13519